Rozpoznaj flagi Europy po symbolach - Statystyki

Ogólne statystyki
  • Ten quiz został rozwiązany 26 razy
  • Średni wynik to 13 z 14
Statystyki odpowiedzi
Obrazkowy Odpowiedź % Poprawnych
Chorwacja
100%
Hiszpania
100%
Portugalia
100%
Słowacja
100%
Słowenia
100%
Albania
96%
Andora
96%
San Marino
96%
Liechtenstein
92%
Mołdawia
88%
Serbia
88%
Watykan
88%
Malta
83%
Czarnogóra
79%
Nie znaleziono quizów pasujących do podanych kryteriów
Rozkład punktacji
Procent ludzi z każdym wynikiem
Percentyl według liczby udzielonych odpowiedzi
Twoja historia wyników
Nie rozwiązałeś tego quizu